Belső erőforrás kimutatás - CATS (Cross Application Time Sheet)

Bibliographic Details
Main Author: Lázár Dávid Mihály
Other Authors: Budai Dr. László
Format: Final Paper
Kulcsszavak:Erőforrás kimutatás
Projekt leírás
Kiterhelhetőségi ráta
Online Access:http://dolgozattar.uni-bge.hu/22075

MARC

LEADER 00000nta a2200000 i 4500
001 dolg22075
005 20200505100218.0
008 190516suuuu hu o 000 hun d
040 |a BGE Dolgozattár Repozitórium  |b hun 
041 |a hu 
100 1 |a Lázár Dávid Mihály 
245 1 0 |a Belső erőforrás kimutatás - CATS (Cross Application Time Sheet)  |c Lázár Dávid Mihály  |h [elektronikus dokumentum] 
246 1 1 |a CATS - Cross Application Time Sheet 
516 |a Final_paper 
695 |a Erőforrás kimutatás 
695 |a Projekt leírás 
695 |a Kiterhelhetőségi ráta 
700 1 |a Budai Dr. László  |e ths 
856 4 0 |u http://dolgozattar.uni-bge.hu/22075/1/Z%C3%81R%C3%93DOLGOZAT_L%C3%A1z%C3%A1r_D%C3%A1vid.pdf  |z Dokumentum-elérés